Agenda academica curso 1989-1990: año cincuentenario
Saved in:
| Institution som forfatter: | |
|---|---|
| Format: | Bog |
| Sprog: | spansk |
| Udgivet: |
Salamanca
Imprenta Kadmos
1989
|
| Fag: | |
| Tags: |
Tilføj Tag
Ingen Tags, Vær først til at tagge denne postø!
|
MARC
| LEADER | 00000nam a2200000 a 4500 | ||
|---|---|---|---|
| 001 | UCV2581 | ||
| 003 | CL-VaPUC | ||
| 008 | 920831e19890000SP |||||||||||||||||spa|d | ||
| 082 | 0 | 4 | |a 378.155 |b UNI |2 21 |
| 110 | 2 | |a Universidad Pontificia de Salamanca |e author |9 296822 | |
| 245 | 1 | 0 | |a Agenda academica curso 1989-1990: año cincuentenario |
| 300 | |a 330 p | ||
| 942 | |c BK | ||
| 945 | |d 19920831 00:00:00 | ||
| 260 | |a Salamanca |b Imprenta Kadmos |c 1989 | ||
| 600 | 0 | 7 | |a UNIVERSIDAD PONTIFICIA DE SALAMANCA |2 CL-VaPUC |9 257989 |
| 651 | 0 | |a España |9 254926 | |
| 583 | |a last modification |c 19920831 00:00:00 |k Rodrigo Vera | ||
| 999 | |c 210111 |d 210109 | ||
| 952 | |0 0 |1 0 |4 0 |6 378_155000000000000_UNI_1989 |7 0 |8 P |9 186136 |a BIBDER |b BIBDER |d 2019-11-14 |i 2536021 |o 378.155 UNI 1989 |p 2536021 |r 2023-01-25 |w 2019-11-14 |y BK |k DER | ||